| 000 | 00905cas a22002657a 4500 | ||
|---|---|---|---|
| 005 | 20220329142036.0 | ||
| 008 | 990415d1898 mx ar pernn uub1spa d | ||
| 010 | _a77493 | ||
| 011 | _a78465 | ||
| 035 | _a88430 | ||
| 245 | 0 | 0 |
_aAnales de la Sociedad Mexicana para el Cultivo de las Ciencias _c/por Sociedad Mexicana para el Cultivo de la Ciencia |
| 260 | 0 |
_aMéxico, D.F. : _bSociedad Mexicana para el Cultivo de la Ciencia, _c1898- |
|
| 300 | _av. | ||
| 310 | _aAnual | ||
| 362 | _a1898 | ||
| 500 | _aSe se dejó de recibir a partir de 1898. | ||
| 590 |
_aBATCH-UPD _b10 _c20130110 _lUCH01 _h1426 |
||
| 590 |
_aBATCH-UPD _b10 _c20130410 _lUCH01 _h0905 |
||
| 590 |
_aBATCH-UPD _b10 _c20130914 _lUCH01 _h0934 |
||
| 590 |
_aCONVERSION _b10 _c20130109 _lUCH01 _h1343 |
||
| 650 | 1 | 4 |
_aCiencia _xPublicaciones periódicas. _923133 |
| 866 | _a-1898 | ||
| 901 | _aSE | ||
| 905 | _aMa. del Socorro Iturbe C. | ||
| 999 |
_c77493 _d77493 |
||